[Event "AUTO-MASTER-920"]
[Site "http://www.queenalice.com/game.php?id=661001"]
[Date "2009.10.1"]
[Round "1"]
[White "marcos_excel"]
[Black "JimMorrisson"]
[Result "0-1"]
[WhiteElo "1940"]
[BlackElo "2262"]

1. e4 c5 2. e5 Nc6 3. Nf3 g6 4. Bc4 Bg7 5. d4 cxd4 6. Bd5 Nxe5 7. Nxe5 Bxe5 8.
Qf3 Nf6 9. Bxb7 Bxb7 10. Qxb7 O-O 11. O-O d5 12. f4 Bd6 13. Qb3 Qc7 14. Nd2 Rfc8
15. Nf3 Qxc2 16. Qxc2 Rxc2 17. Rd1 Rac8 18. Nxd4 Bc5 19. Be3 Rxb2 20. Kh1 Bb6
21. a4 Ng4 22. Bg1 Nf2+ 23. Bxf2 Rxf2 0-1

[Event "AUTO-MASTER-920"]
[Site "http://www.queenalice.com/game.php?id=661002"]
[Date "2009.10.1"]
[Round "1"]
[White "JimMorrisson"]
[Black "marcos_excel"]
[Result "1-0"]
[WhiteElo "2260"]
[BlackElo "1943"]

1. e4 e5 2. Nf3 Nc6 3. Bb5 Qf6 4. Nc3 d6 5. Nd5 Qd8 6. d4 Bd7 7. O-O a6 8. Ba4
b5 9. Bb3 Be6 10. c3 Bxd5 11. Bxd5 Qd7 12. dxe5 Nge7 13. Bxf7+ Kxf7 14. e6+ Qxe6
15. Ng5+ Kf6 16. Qf3+ Qf5 17. exf5 d5 18. Qe3 Nd8 19. g4 Nec6 20. f4 h5 21. gxh5
Rxh5 22. Qe8 Bc5+ 23. Kh1 Rh6 24. Be3 1-0

[Event "Excel X Broccolis"]
[Site "http://www.queenalice.com/game.php?id=663295"]
[Date "2009.10.5"]
[Round "-"]
[White "marcos_excel"]
[Black "broccolis"]
[Result "1-0"]
[WhiteElo "1970"]
[BlackElo "1260"]

1. e4 e5 2. Nf3 Nf6 3. Nc3 Nc6 4. Bb5 d5 5. Bxc6+ bxc6 6. exd5 Nxd5 7. Nxd5 cxd5
8. Nxe5 f6 9. Nd3 Qe7+ 10. Qe2 Qxe2+ 11. Kxe2 g5 12. Re1 Ba6 13. Kf1+ Be7 14. b3
Kf7 15. Kg1 Rab8 16. Nb2 Rbe8 17. Na4 Bb5 18. Nc3 c6 19. a4 Ba6 20. d4 Bb4 21.
Bd2 Re7 22. Nxd5 Rxe1+ 23. Rxe1 Bxd2 24. Re7+ Kg6 25. Rxa7 Re8 26. h3 Bd3 27.
cxd3 Re1+ 28. Kh2 Rf1 29. Ne7+ Kf7 30. Nxc6+ Ke6 31. Rxh7 Rxf2 32. a5 Kd5 33.
Kg3 Rf4 34. Ne7+ Kxd4 35. a6 Kxd3 36. a7 Ke3 37. Nd5+ Ke4 38. Nxf4 Bxf4+ 39. Kf2
Be3+ 40. Kf1 Bxa7 41. Rxa7 Ke3 42. b4 Kf4 43. b5 Kg3 44. b6 g4 45. hxg4 1-0

[Event "Excel X Broccolis"]
[Site "http://www.queenalice.com/game.php?id=663678"]
[Date "2009.10.6"]
[Round "-"]
[White "marcos_excel"]
[Black "broccolis"]
[Result "1-0"]
[WhiteElo "1972"]
[BlackElo "1260"]

1. e4 e5 2. Nf3 Nf6 3. Nc3 c6 4. Nxe5 d6 5. Nf3 d5 6. d3 dxe4 7. dxe4 Qxd1+ 8.
Nxd1 Nxe4 9. Be3 b6 10. Bd3 Bc5 11. Bxe4 Bxe3 12. Nxe3 Na6 13. Bxc6+ 1-0

[Event "Excel X Broccolis"]
[Site "http://www.queenalice.com/game.php?id=663749"]
[Date "2009.10.6"]
[Round "-"]
[White "marcos_excel"]
[Black "broccolis"]
[Result "1-0"]
[WhiteElo "1974"]
[BlackElo "1260"]

1. e4 e5 2. Nf3 Nf6 3. Nc3 Nc6 4. Bc4 d6 5. d3 Be6 6. Bxe6 fxe6 7. O-O d5 8. h3
dxe4 9. dxe4 Qxd1 10. Nxd1 O-O-O 11. Bg5 h6 12. Bxf6 gxf6 13. Nh4 Rg8 14. Ne3
Bc5 15. Ng4 f5 16. Nxh6 Rh8 17. Nf7 Rxh4 18. Nxd8 Nxd8 19. exf5 exf5 20. Rfe1
Nc6 21. Rad1 e4 22. Rd5 b6 23. Rxf5 Bb4 24. c3 Bc5 25. Rf6 Kb7 26. b4 Be7 27.
Re6 Bg5 28. R1xe4 Nd8 29. Rxh4 Bxh4 30. Re8 Nc6 31. g3 Bf6 32. g4 Bxc3 33. g5
Bxb4 34. g6 Bc3 35. h4 Nd4 36. Kg2 Be1 37. g7 1-0

[Event "Excel X Broccolis"]
[Site "http://www.queenalice.com/game.php?id=664208"]
[Date "2009.10.7"]
[Round "-"]
[White "marcos_excel"]
[Black "broccolis"]
[Result "1-0"]
[WhiteElo "1976"]
[BlackElo "1260"]

1. e4 e6 2. e5 d5 3. d4 f6 4. Nf3 c6 5. Bd3 Nd7 6. O-O fxe5 7. dxe5 Nh6 8. h3
Rg8 9. Bxh7 Rh8 10. Bg6+ Nf7 11. Re1 Bc5 12. Ng5 Kf8 13. Nxf7 1-0

[Event "Excel X Broccolis"]
[Site "http://www.queenalice.com/game.php?id=664312"]
[Date "2009.10.8"]
[Round "-"]
[White "marcos_excel"]
[Black "broccolis"]
[Result "1-0"]
[WhiteElo "1978"]
[BlackElo "1260"]

1. e4 e5 2. Nf3 d6 3. h3 Nf6 4. Nc3 h6 5. Bc4 Be6 6. Bxe6 fxe6 7. O-O g5 8. d3
Rg8 9. h4 Rg6 10. h5 Rg7 11. Nh2 Be7 12. Ng4 Nxg4 13. Qxg4 Qd7 14. b3 d5 15.
exd5 exd5 16. Qxd7+ Kxd7 17. Nxd5 c6 18. Nxe7 Rxe7 19. Re1 Na6 20. a3 Rf8 21.
Bb2 Kd6 22. c4 c5 23. Re2 Nc7 24. Rae1 Rfe8 25. b4 b6 26. b5 a6 27. a4 g4 28. g3
Re6 29. Re4 axb5 30. axb5 R8e7 31. Rxg4 Ne8 32. Rg6 Rxg6 33. hxg6 Ng7 34. Re4 h5
35. f3 Ke6 36. f4 Nf5 37. Rxe5+ Kf6 38. Rxc5+ Ke6 39. Rc6+ Kd7 40. Rxb6 Re1+ 41.
Kf2 Re3 42. g7 Rxg3 43. Rb7+ Ke6 44. b6 h4 45. Rc7 Nxg7 46. Rxg7 Rxg7 47. Bxg7
1-0

[Event "Excel X Broccolis"]
[Site "http://www.queenalice.com/game.php?id=664649"]
[Date "2009.10.8"]
[Round "-"]
[White "marcos_excel"]
[Black "broccolis"]
[Result "1-0"]
[WhiteElo "1980"]
[BlackElo "1260"]

1. e4 e5 2. Nf3 Nc6 3. Bc4 Nf6 4. Nc3 d6 5. h3 Be6 6. Bxe6 fxe6 7. d3 Nd4 8. Be3
Nxf3+ 9. Qxf3 c6 10. O-O d5 11. Bg5 Be7 12. Rfe1 Rf8 13. Na4 Ng8 14. Qg4 Bxg5
15. Nc5 Rb8 16. Nxe6 Qf6 17. Re2 Nh6 18. Nc7+ Kf7 19. Qg3 Bh4 20. Qh2 Kg8 21. g3
Qf3 22. Re3 Qxf2+ 23. Qxf2 Rxf2 24. Kxf2 Rf8+ 25. Kg2 Bg5 26. Ne6 Bxe3 27. Nxf8
Kxf8 28. exd5 cxd5 29. Re1 Bd4 30. c3 1-0

[Event "Excel X Broccolis"]
[Site "http://www.queenalice.com/game.php?id=667294"]
[Date "2009.10.14"]
[Round "-"]
[White "marcos_excel"]
[Black "broccolis"]
[Result "1-0"]
[WhiteElo "1984"]
[BlackElo "1256"]

1. e4 e5 2. Nf3 Nc6 3. Nc3 Nf6 4. Bc4 h6 5. d3 Na5 6. Nxe5 Rh7 7. Bxf7+ Ke7 8.
Bg6 d6 9. Bxh7 Nxh7 10. Ng6+ Kf7 11. Qh5 Nf6 12. Ne5+ Kg8 13. Qf7+ Kh7 14. Bxh6
dxe5 15. Bg5 Qe7 16. Qxe7 Bxe7 17. Bxf6 Bxf6 18. Nd5 Be6 19. Nxc7 Rc8 20. Nxe6
1-0

[Event "Excel X Broccolis"]
[Site "http://www.queenalice.com/game.php?id=670226"]
[Date "2009.10.21"]
[Round "-"]
[White "broccolis"]
[Black "marcos_excel"]
[Result "0-1"]
[WhiteElo "1254"]
[BlackElo "1986"]

1. e4 e5 2. Nf3 Nc6 3. Nc3 Bb4 4. Na4 Nf6 5. c3 Be7 6. d4 exd4 7. cxd4 Nxe4 8.
Qe2 d5 9. Bg5 Bg4 10. h3 Bxf3 11. gxf3 Nxg5 12. f4 Nxd4 13. Qd3 Nge6 0-1

[Event "Challenge"]
[Site "http://www.queenalice.com/game.php?id=670656"]
[Date "2009.10.22"]
[Round "-"]
[White "broccolis"]
[Black "marcos_excel"]
[Result "0-1"]
[WhiteElo "1248"]
[BlackElo "1992"]

1. e4 e5 2. Nf3 Nc6 3. Nc3 Bb4 4. a3 Bxc3 5. bxc3 Nf6 6. Bb5 Ne7 7. Nxe5 c6 8.
Bc4 d5 9. exd5 cxd5 10. Bb3 Qc7 11. Qe2 O-O 12. c4 b6 13. d3 Be6 14. Bg5 Nh5 15.
Bxe7 Nf4 16. Qf3 Qxe5+ 17. Qe3 Nxg2+ 18. Kd2 Nxe3 19. fxe3 Rfe8 20. d4 Qh5 21.
Bb4 dxc4 22. Ba4 b5 23. Bxb5 Qxb5 24. Rag1 Rac8 0-1

[Event "Excel x Broccolis"]
[Site "http://www.queenalice.com/game.php?id=671002"]
[Date "2009.10.22"]
[Round "-"]
[White "broccolis"]
[Black "marcos_excel"]
[Result "0-1"]
[WhiteElo "1258"]
[BlackElo "1996"]

1. e4 e5 2. Nf3 Nc6 3. Nc3 Bb4 4. d3 Bxc3+ 5. bxc3 Nf6 6. d4 exd4 7. cxd4 Nxe4
8. Qd3 Nf6 9. Ne5 O-O 10. Nxc6 dxc6 11. Be2 Re8 12. h3 b5 13. Kd2 Nd5 14. Bg4
Bxg4 15. hxg4 Qg5+ 16. Kd1 Qxg4+ 17. Kd2 Qf4+ 18. Kd1 Qxf2 19. Qxh7+ Kf8 20. Bg5
f6 21. Bd2 Qxg2 22. Kc1 Rad8 23. Kb2 Re2 24. Rae1 Rxe1 25. Bxe1 Re8 26. Rh2 Qe4
27. Rh4 Qxh7 28. Rxh7 Rxe1 29. Rh8+ Kf7 30. Ra8 Rd1 31. Rxa7 Rxd4 32. Ra3 g5 33.
c3 Ra4 0-1

[Event "Mais uma?"]
[Site "http://www.queenalice.com/game.php?id=671346"]
[Date "2009.10.23"]
[Round "-"]
[White "vania"]
[Black "marcos_excel"]
[Result "0-1"]
[WhiteElo "1653"]
[BlackElo "1937"]

1. e4 e5 2. g4 Bc5 3. c4 Qf6 4. f3 Ne7 5. Nh3 O-O 6. g5 Qa6 7. d3 d6 8. a3 Bb4+
9. Nc3 Bxc3+ 10. bxc3 Nbc6 11. a4 b6 12. f4 Qa5 13. Bd2 Bxh3 14. Bxh3 exf4 15.
Bxf4 Qxc3+ 16. Bd2 Qxd3 17. Bd7 Nd4 18. Rc1 Qxe4+ 19. Kf2 f6 20. Re1 fxg5+ 21.
Kg1 Nf3+ 22. Kf2 Nxe1+ 23. Kg3 Nd3 24. Rc3 Qe5+ 25. Kg2 Rf2+ 26. Kh3 Qxh2+ 27.
Kg4 Qh4# 0-1

[Event "Excel x Broccolis"]
[Site "http://www.queenalice.com/game.php?id=674051"]
[Date "2009.10.28"]
[Round "-"]
[White "broccolis"]
[Black "marcos_excel"]
[Result "0-1"]
[WhiteElo "1256"]
[BlackElo "1998"]

1. e4 e5 2. Nf3 Nc6 3. Nc3 a6 4. d3 Bc5 5. Be3 Bxe3 6. fxe3 Nf6 7. Nd5 O-O 8.
Nxf6+ Qxf6 9. d4 d6 10. Qe2 b5 11. d5 Nb4 12. c3 Nxd5 13. exd5 Bb7 14. e4 c5 15.
c4 b4 16. b3 h6 17. a3 a5 18. axb4 cxb4 19. g3 g5 20. h4 g4 21. Nd2 h5 22. Qf2
Qxf2+ 23. Kxf2 f5 24. Bd3 fxe4+ 25. Ke3 exd3 26. Kxd3 Bc8 27. Ne4 Bf5 28. Rhf1
Bh7 29. Ke3 Bxe4 30. Kxe4 Rae8 31. Rxf8+ Rxf8 32. Rxa5 Rf2 33. Ra6 Rb2 34. Rxd6
Rxb3 35. Kxe5 Re3+ 36. Kf5 b3 37. Kg6 Kf8 38. Kf6 Ke8 39. Re6+ Rxe6+ 40. Kxe6 b2
41. d6 b1=Q 42. d7+ Kd8 43. c5 Qg6+ 0-1

[Event "Challenge"]
[Site "http://www.queenalice.com/game.php?id=694291"]
[Date "2009.12.7"]
[Round "-"]
[White "vania"]
[Black "marcos_excel"]
[Result "0-1"]
[WhiteElo "1502"]
[BlackElo "1942"]

1. e4 e5 2. g4 Nf6 3. f3 Bc5 4. Nh3 O-O 5. c3 Nc6 6. b4 Bb6 7. a4 a5 8. bxa5
Bxa5 9. c4 h6 10. Be2 b6 11. O-O Ba6 12. Nc3 Nd4 13. f4 exf4 14. Rxf4 c5 15. g5
hxg5 16. Nxg5 Nd5 17. exd5 Qxg5+ 18. Rg4 Qf5 19. d3 Rfe8 20. d6 Bxc3 21. Rb1
Nxe2+ 22. Kg2 Bb7+ 23. Kh3 f6 24. Ba3 Re3+ 25. Kh4 Bf3 26. h3 g5+ 27. Kh5 Qh7#
0-1

[Event "Challenge"]
[Site "http://www.queenalice.com/game.php?id=694292"]
[Date "2009.12.7"]
[Round "-"]
[White "marcos_excel"]
[Black "vania"]
[Result "1-0"]
[WhiteElo "1944"]
[BlackElo "1487"]

1. e4 e5 2. Nf3 Nc6 3. Bc4 Na5 4. Na3 f6 5. O-O Nxc4 6. Nxc4 b5 7. Ne3 g5 8.
Nxg5 Qe7 9. Qh5+ Kd8 10. Nf7+ Ke8 11. Nxh8+ Kd8 12. Nf7+ Ke8 13. Nxe5+ Kd8 14.
N5g4 Qxe4 15. d3 Qe6 16. Qxh7 d5 17. Rd1 d4 18. Nf5 a5 19. Bf4 Ra7 20. Re1 Qb6
21. Qxg8 Qc5 22. Ne7 Bxg4 23. Qxf8+ Kd7 24. Qxf6 Qxc2 25. Qxd4+ Ke8 26. Nc6+ Kf7
27. Nxa7 c5 28. Qd5+ Kf6 29. h3 Bf5 30. Qd6+ Kf7 31. Qe7+ Kg8 32. Qe8+ Kg7 33.
Re7+ Kf6 34. Qf7# 1-0

[Event "Challenge"]
[Site "http://www.queenalice.com/game.php?id=839357"]
[Date "2010.9.29"]
[Round "-"]
[White "marcos_excel"]
[Black "jssouza100"]
[Result "0-1"]
[WhiteElo "1919"]
[BlackElo "1885"]

1. e4 e5 2. Nf3 Nc6 3. Bc4 Nf6 4. Nc3 g6 5. Ng5 d5 6. Nxd5 Nxd5 7. d3 Bb4+ 8. c3
Nxc3 9. Qb3 Nxe4+ 10. Kf1 Nxg5 11. a3 Be7 12. Bxg5 Bxg5 13. Bxf7+ Kf8 14. Bd5
Nd4 15. Qa2 Kg7 16. Re1 Rf8 17. Kg1 Qf6 18. b4 Bh4 19. g3 Nf3+ 20. Bxf3 Qxf3 21.
Re3 Qg4 22. h3 Qg5 23. Qb2 Bd7 24. Rxe5 Qf6 25. gxh4 Rae8 26. f4 Rxe5 27. Qxe5
Qxe5 28. fxe5 Rf3 29. Rh2 Rxd3 30. Rc2 c6 31. Re2 Be6 32. a4 Rxh3 33. Re4 b6 34.
Kf2 Ra3 35. Rd4 Kf7 36. Rd6 Rxa4 37. Rxc6 Rxb4 38. Rc7+ Kg8 39. Re7 Bf5 40. Rxa7
Re4 41. Rb7 Rxe5 42. Rxb6 Re4 43. h5 gxh5 0-1

[Event "Challenge"]
[Site "http://www.queenalice.com/game.php?id=872529"]
[Date "2010.12.16"]
[Round "-"]
[White "jssouza100"]
[Black "marcos_excel"]
[Result "1-0"]
[WhiteElo "1877"]
[BlackElo "1902"]

1. c4 c6 2. e4 d5 3. cxd5 cxd5 4. e5 Nc6 5. d4 Bf5 6. Nc3 f6 7. exf6 Nxf6 8. Be2
e5 9. dxe5 Nxe5 10. Bg5 d4 11. Bxf6 gxf6 12. Bh5+ Bg6 13. Bxg6+ hxg6 14. Ne4
Qa5+ 15. Nd2 Bb4 16. Qe2 Bxd2+ 17. Qxd2 Nd3+ 18. Kd1 Qxd2+ 19. Kxd2 Nxf2 20. Nf3
Nxh1 21. Rxh1 1-0